| 000 | 02291nam a22006617a 4500 | ||
|---|---|---|---|
| 003 | OSt | ||
| 005 | 20230608123748.0 | ||
| 008 | 221006b |||||||| |||| 00| 0 eng d | ||
| 040 | _cBiblioteca Lado V | ||
| 082 |
_a800 _bR175r |
||
| 100 |
_9850 _aRamos Rivera, Victor Manuel _edirector |
||
| 245 |
_aRevista de la Universidad/ _bFutbol/ |
||
| 260 |
_aUniversidad Pedagógica Nacional francisco Morazan _c2001 _bHonduras _bTegucigalpa |
||
| 300 |
_c21.5x27cm _a106p. |
||
| 366 | _espa | ||
| 490 |
_a3 _v2 |
||
| 505 | _tPresentacion | ||
| 505 | _tLos once de la tribu | ||
| 505 | _tEl futbol un fenómeno social de masas | ||
| 505 | _tSone que la nieve ardía | ||
| 505 | _tLa Guerra del futbol | ||
| 505 | _tLiteratura y Futbol | ||
| 505 | _tEscapando con el balon | ||
| 505 | _tUn hinchado cuero | ||
| 505 | _tPoemas dedicados al balón pie | ||
| 505 | _tGol (pieza en un acto) | ||
| 505 | _tDos amigos | ||
| 505 | _tTres poemas | ||
| 505 | _tLa filosofía del portero | ||
| 505 | _tUn lenguaje de poetas y prosistas | ||
| 505 | _tFiebre sin fin | ||
| 505 | _tEsa galaxia llamada futbol | ||
| 505 | _tJuguete milenario | ||
| 505 | _tApostillas | ||
| 505 | _tEl futbol y las artes plásticas | ||
| 505 | _tElegía al guardameta | ||
| 505 | _tcrónica de un corresponsal no alineado | ||
| 505 | _tMusica | ||
| 505 | _tFabulas futboleras | ||
| 505 | _tJuegos de pelota en el mundo prehispánico | ||
| 505 | _tAllan McDonald | ||
| 505 | _tUn reconocimiento como un gesto de reciprocidad | ||
| 505 | _tEn los años de mi niñez vividos en Honduras se despertó mi vocación por la literatura | ||
| 505 | _tEstafa | ||
| 505 | _tLibros | ||
| 505 | _tArte artistas mesoamericanos en Tegucigalpa | ||
| 505 | _tPremio Mexico | ||
| 505 | _tNoticias | ||
| 505 | _tLos colaboradores | ||
| 650 |
_2Tesauro de Arte & Arquitectura _aENSAYOS _9703 |
||
| 650 |
_2Tesauro de Arte & Arquitectura _aNARRATIVA _9702 |
||
| 650 |
_2Tesauro de Arte & Arquitectura _aDEBATE _9702 |
||
| 650 |
_2Tesauro de Arte & Arquitectura _aPOESIA |
||
| 650 |
_2Tesauro de Arte & Arquitectura _aARTE |
||
| 650 |
_2Tesauro de Arte & Arquitectura _aCULTURA |
||
| 700 |
_aNavarreta, Jose Antonio _eeditor |
||
| 942 |
_2ddc _c1 _h800 _iG984r _n0 |
||
| 999 |
_c3828 _d3828 |
||